[Event "Haustmót Taflfélags Reykjavíkur 2017"]
[Site "Reykjavik, Iceland"]
[Date "2017.09.06"]
[Round "1.1"]
[White "Sigurvaldason, Hjalmar"]
[Black "Gretarsson, Hjorvar Steinn"]
[Result "0-1"]
[WhiteElo "1498"]
[BlackElo "2567"]
[PlyCount "68"]
[EventDate "2017.09.06"]
[SourceDate "2017.09.07"]
[SourceVersionDate "2017.09.07"]

1. Nf3 d6 2. d4 f5 3. Nc3 Nf6 4. Bg5 g6 5. Bxf6 exf6 6. e4 fxe4 7. Nxe4 Bg7 8.
Ng3 O-O 9. h3 d5 10. Be2 Be6 11. O-O Qd6 12. c3 Nd7 13. Qc2 Kh8 14. Rfe1 Rae8
15. Bf1 f5 16. Bd3 Nf6 17. Nd2 Ne4 18. Bxe4 fxe4 19. b4 h5 20. Ngf1 g5 21. f3
g4 22. fxe4 Qf4 23. Nb3 dxe4 24. Nc5 Bf5 25. g3 Qd6 26. h4 e3 27. Qe2 Bg6 28.
Nd3 Rxf1+ 29. Rxf1 Qxg3+ 30. Qg2 Qxg2+ 31. Kxg2 Bxd3 32. Rf7 e2 33. Re1 Kg8 34.
Rf2 Bh6 0-1

[Event "Haustmót Taflfélags Reykjavíkur 2017"]
[Site "Reykjavik, Iceland"]
[Date "2017.09.06"]
[Round "1.2"]
[White "Jensson, Einar Hjalti"]
[Black "Davidsson, Joshua"]
[Result "1-0"]
[WhiteElo "2362"]
[BlackElo "1414"]
[PlyCount "75"]
[EventDate "2017.09.06"]
[SourceDate "2017.09.07"]
[SourceVersionDate "2017.09.07"]

1. Nf3 d5 2. c4 e6 3. b3 Nf6 4. Bb2 Nbd7 5. g3 b6 6. Bg2 Bb7 7. O-O Be7 8. cxd5
exd5 9. d3 O-O 10. Nbd2 c5 11. Qc2 Rc8 12. e4 d4 13. h3 Qc7 14. Rac1 Rfe8 15.
Nxd4 Qb8 16. Nf5 Rcd8 17. Nxe7+ Rxe7 18. Nc4 Ba6 19. Rfe1 Bxc4 20. dxc4 Ne5 21.
Rcd1 Red7 22. Rxd7 Rxd7 23. Rd1 Rxd1+ 24. Qxd1 Ng6 25. f4 Qc7 26. e5 Nd7 27.
Qd5 Ne7 28. Qb7 Qxb7 29. Bxb7 g6 30. Kf2 Nb8 31. Be4 Nbc6 32. Bc3 Kf8 33. g4
Ke8 34. f5 gxf5 35. gxf5 Kd7 36. e6+ fxe6 37. f6 Nf5 38. Bxc6+ 1-0

[Event "Haustmót Taflfélags Reykjavíkur 2017"]
[Site "Reykjavik, Iceland"]
[Date "2017.09.06"]
[Round "1.3"]
[White "Thrastarson, Tryggvi K"]
[Black "Johannesson, Oliver"]
[Result "0-1"]
[WhiteElo "1325"]
[BlackElo "2272"]
[PlyCount "50"]
[EventDate "2017.09.06"]
[SourceDate "2017.09.07"]
[SourceVersionDate "2017.09.07"]

1. c4 e5 2. Nc3 Nf6 3. Qc2 c6 4. e3 d5 5. cxd5 cxd5 6. Bb5+ Nc6 7. Nf3 e4 8.
Ne5 Bd7 9. Nxd5 Nxd5 10. Qxe4 Nf6 11. Nxc6+ Nxe4 12. Nxd8 Bxb5 13. Nxb7 Ba6 14.
Na5 Nc5 15. d4 Nd3+ 16. Kd2 Bb4+ 17. Kc2 Rc8+ 18. Kb3 Bxa5 19. f3 Kd7 20. Rd1
Rb8+ 21. Ka4 Bc7 22. h3 Rb4+ 23. Ka3 Bd6 24. Bd2 Rxb2+ 25. Ka4 Bb5+ 0-1

[Event "Haustmót Taflfélags Reykjavíkur 2017"]
[Site "Reykjavik, Iceland"]
[Date "2017.09.06"]
[Round "1.4"]
[White "Ornolfsson, Magnus P"]
[Black "Kjartansson, Kristofer Halldor"]
[Result "1-0"]
[WhiteElo "2227"]
[BlackElo "1297"]
[PlyCount "51"]
[EventDate "2017.09.06"]
[SourceDate "2017.09.07"]
[SourceVersionDate "2017.09.07"]

1. e4 e5 2. Nf3 Nc6 3. d4 d5 4. Bb5 dxe4 5. Nxe5 Qd5 6. c4 Qe6 7. Nxc6 bxc6 8.
d5 Qg6 9. Bxc6+ Bd7 10. Bxa8 Qxg2 11. Rf1 Bg4 12. Bc6+ Kd8 13. Qb3 Ne7 14. Qg3
Qxg3 15. fxg3 Nxc6 16. dxc6 f6 17. Nc3 Bb4 18. a3 Ba5 19. b4 Bb6 20. c5 Bxc5
21. bxc5 h6 22. Rb1 Kc8 23. Be3 Re8 24. Rf2 f5 25. Nd5 Re5 26. Rfb2 1-0

[Event "Haustmót Taflfélags Reykjavíkur 2017"]
[Site "Reykjavik, Iceland"]
[Date "2017.09.06"]
[Round "1.5"]
[White "Petursson, Armann"]
[Black "Olafsson, Thorvardur F"]
[Result "0-1"]
[WhiteElo "1288"]
[BlackElo "2164"]
[PlyCount "72"]
[EventDate "2017.09.06"]
[SourceDate "2017.09.07"]
[SourceVersionDate "2017.09.07"]

1. c4 Nf6 2. Nc3 c5 3. g3 g6 4. Bg2 Bg7 5. Nf3 O-O 6. O-O Nc6 7. d3 d5 8. cxd5
Nxd5 9. Nxd5 Qxd5 10. Ng5 Qd7 11. Rb1 b6 12. a3 Bb7 13. Bd2 Nd4 14. Bxb7 Qxb7
15. e3 Nc6 16. Bc3 Rad8 17. Qc2 Rd7 18. b4 Bxc3 19. Qxc3 cxb4 20. axb4 Rc8 21.
Rfc1 Rdc7 22. Qb2 Ne5 23. d4 Nd3 24. Rxc7 Qxc7 25. Qd2 Qc2 26. Qxc2 Rxc2 27. f4
a6 28. d5 Rc4 29. e4 h6 30. Nf3 Rxe4 31. Rb3 Nxb4 32. Nd2 Rd4 33. Nf3 Rd1+ 34.
Kf2 Nxd5 35. Ke2 Rc1 36. Kd2 Rc8 0-1

[Event "Haustmót Taflfélags Reykjavíkur 2017"]
[Site "Reykjavik, Iceland"]
[Date "2017.09.06"]
[Round "1.6"]
[White "Viglundsson, Bjorgvin"]
[Black "Jonsson, Kristjan Dagur"]
[Result "1-0"]
[WhiteElo "2137"]
[BlackElo "1271"]
[PlyCount "73"]
[EventDate "2017.09.06"]
[SourceDate "2017.09.07"]
[SourceVersionDate "2017.09.07"]

1. d4 Nf6 2. c4 g6 3. Nc3 Bg7 4. e4 O-O 5. Nf3 d6 6. Be2 Bg4 7. O-O Nbd7 8. h3
Bxf3 9. Bxf3 c5 10. d5 Re8 11. Bg5 Nb6 12. Be2 h6 13. Bf4 Qc7 14. Qd2 g5 15.
Bh2 Rad8 16. f4 Nh7 17. Rae1 e6 18. Bd3 Bxc3 19. Qxc3 e5 20. g3 Qe7 21. Re3 Qd7
22. Kg2 g4 23. hxg4 Qxg4 24. Kh1 f6 25. Be2 Qg6 26. Bf3 Rd7 27. Qd3 Rf7 28. Qe2
exf4 29. gxf4 Ree7 30. Rg1 Ng5 31. fxg5 Rg7 32. Bh5 Qh7 33. g6 Qh8 34. Bxd6 Re8
35. e5 fxe5 36. Rxe5 Rxe5 37. Qxe5 1-0

[Event "Haustmót Taflfélags Reykjavíkur 2017"]
[Site "Reykjavik, Iceland"]
[Date "2017.09.06"]
[Round "1.7"]
[White "Gunnlaugsson, Arnor"]
[Black "Ragnarsson, Johann"]
[Result "0-1"]
[WhiteElo "1191"]
[BlackElo "2032"]
[PlyCount "106"]
[EventDate "2017.09.06"]
[SourceDate "2017.09.07"]
[SourceVersionDate "2017.09.07"]

1. e4 c6 2. d4 d5 3. Nc3 dxe4 4. Nxe4 Bf5 5. Ng3 Bg6 6. Nf3 Nd7 7. Bc4 e6 8.
O-O Ngf6 9. Bf4 Nd5 10. Be5 Nxe5 11. Nxe5 Qb6 12. Bxd5 cxd5 13. Nxg6 hxg6 14.
b3 Rc8 15. Qd3 Qc6 16. Qe3 Ba3 17. c3 Qxc3 18. Ne2 Qxe3 19. fxe3 Rc2 20. Nc1
Ke7 21. Nd3 f6 22. Nf4 Kf7 23. Rfe1 g5 24. Nd3 Rhc8 25. Rf1 Rd2 26. Ne5+ Ke7
27. Nf3 Rd3 28. Rae1 g4 29. Nh4 Rc2 30. Ng6+ Kd6 31. Rf2 Rdd2 32. Rxd2 Rxd2 33.
e4 Rxd4 34. e5+ fxe5 35. Nxe5 Bc5 36. Kh1 Re4 37. Rxe4 dxe4 38. Nxg4 e3 39.
Nxe3 Bxe3 40. g3 Kd5 41. Kg2 Kd4 42. Kf3 Kd3 43. h4 e5 44. Kg2 e4 45. Kf1 Kd2
46. h5 Bh6 47. g4 e3 48. a4 e2+ 49. Kf2 e1=Q+ 50. Kf3 Qe3+ 51. Kg2 Ke2 52. Kh2
Kf2 53. Kh1 Qh3# 0-1

[Event "Haustmót Taflfélags Reykjavíkur 2017"]
[Site "Reykjavik, Iceland"]
[Date "2017.09.06"]
[Round "1.8"]
[White "Eliasson, Kristjan Orn"]
[Black "Omarsson, Adam"]
[Result "1-0"]
[WhiteElo "1869"]
[BlackElo "1149"]
[PlyCount "95"]
[EventDate "2017.09.06"]
[SourceDate "2017.09.07"]
[SourceVersionDate "2017.09.07"]

1. e4 e5 2. Nf3 Nc6 3. d4 exd4 4. Nxd4 Bc5 5. c3 Nf6 6. Nxc6 bxc6 7. Bd3 d6 8.
O-O h6 9. b4 Bb6 10. Nd2 O-O 11. Nc4 Bg4 12. Qc2 Qd7 13. Bf4 d5 14. Nxb6 cxb6
15. e5 Nh5 16. Be3 Qc7 17. h3 Be6 18. g4 Qxe5 19. gxh5 Bxh3 20. Rfe1 Qxh5 21.
f4 Qg4+ 22. Kh2 Qh5 23. Kg3 Qg4+ 24. Kh2 Qh5 25. Kg1 Qh4 26. Qf2 Qg4+ 27. Kh2
Qh5 28. Be2 Bg4+ 29. Kg1 Rfe8 30. Bxg4 Qxg4+ 31. Qg2 Qxg2+ 32. Kxg2 Re6 33. Bd4
Rg6+ 34. Kf3 Kf8 35. Rg1 Re6 36. Bxg7+ Ke8 37. f5 Re4 38. Bxh6 Rc4 39. Rg8+ Ke7
40. Rxa8 Rxc3+ 41. Ke2 Rc2+ 42. Kd3 Rh2 43. Bg5+ Kd7 44. Rxa7+ Ke8 45. Re1+ Kf8
46. Bf6 Rh3+ 47. Kc2 Rh7 48. Ra8# 1-0

[Event "Haustmót Taflfélags Reykjavíkur 2017"]
[Site "Reykjavik, Iceland"]
[Date "2017.09.06"]
[Round "1.9"]
[White "Johannsson, Bjarki Kroyer"]
[Black "Hauksson, Hordur Aron"]
[Result "0-1"]
[WhiteElo "1106"]
[BlackElo "1859"]
[PlyCount "124"]
[EventDate "2017.09.06"]
[SourceDate "2017.09.07"]
[SourceVersionDate "2017.09.07"]

1. e4 c5 2. Nf3 Nc6 3. Nc3 e6 4. Bc4 a6 5. a3 d6 6. h3 Nf6 7. d3 Be7 8. Bd2 O-O
9. O-O b5 10. Ba2 Nd7 11. b3 Bf6 12. Rb1 b4 13. axb4 cxb4 14. Ne2 Qa5 15. c3
bxc3 16. Bxc3 Bxc3 17. Nxc3 Qxc3 18. Rc1 Qa5 19. Rxc6 Qxa2 20. Rc1 Rb8 21. Rb1
e5 22. b4 Nf6 23. Re1 h6 24. Re2 Qe6 25. d4 Bd7 26. d5 Qe7 27. Qd2 Rfc8 28. Kh1
Bb5 29. Ree1 Rc4 30. Rbc1 Rbc8 31. Rxc4 Rxc4 32. Qb2 Nxe4 33. Qb1 Nf6 34. Nd2
Rd4 35. Qb2 Qb7 36. Nb3 Rxb4 37. Na5 Rxb2 38. Nxb7 Nxd5 39. Nxd6 f6 40. Rd1 Nf4
41. Ne4 Nd3 42. Kg1 Re2 43. Nc3 Re1+ 44. Rxe1 Nxe1 45. g3 Kf7 46. h4 Ke6 47.
Kh2 Nf3+ 48. Kh3 Nd4 49. Kg4 Be2+ 50. Nxe2 Nxe2 51. Kf3 Nd4+ 52. Kg4 a5 53. Kh5
Kf7 54. g4 a4 55. f4 a3 56. fxe5 fxe5 57. g5 hxg5 58. Kxg5 a2 59. h5 a1=Q 60.
h6 Qg1+ 61. Kh5 gxh6 62. Kxh6 Qg6# 0-1

[Event "Haustmót Taflfélags Reykjavíkur 2017"]
[Site "Reykjavik, Iceland"]
[Date "2017.09.06"]
[Round "1.10"]
[White "Andrason, Pall"]
[Black "Ragnarsson, Rikhardur Skorri"]
[Result "1-0"]
[WhiteElo "1800"]
[BlackElo "1067"]
[PlyCount "67"]
[EventDate "2017.09.06"]
[SourceDate "2017.09.07"]
[SourceVersionDate "2017.09.07"]

1. d4 d5 2. e3 e6 3. Bd3 Nc6 4. f4 Nf6 5. Nf3 Bd6 6. c3 Qe7 7. Nbd2 Bd7 8. O-O
O-O-O 9. b4 Ng4 10. Qe2 a6 11. Ne5 Bxe5 12. fxe5 Qh4 13. h3 Nh6 14. a4 Kb8 15.
Rf4 Qe7 16. Ba3 Qe8 17. b5 axb5 18. axb5 Na7 19. Rb1 b6 20. c4 dxc4 21. Bxc4 g5
22. Rff1 Nf5 23. Ne4 Rg8 24. Nf6 Ng3 25. Qc2 Qf8 26. Nxd7+ Rxd7 27. Bxf8 Nxf1
28. Rxf1 Rxf8 29. Bxe6 Re7 30. Bd5 Nxb5 31. Qc6 Kc8 32. Qa8+ Kd7 33. Bc6+ Ke6
34. Rf6# 1-0

[Event "Haustmót Taflfélags Reykjavíkur 2017"]
[Site "Reykjavik, Iceland"]
[Date "2017.09.06"]
[Round "1.11"]
[White "Thorisson, Benedikt"]
[Black "Gudmarsson, Olafur"]
[Result "0-1"]
[WhiteElo "1065"]
[BlackElo "1721"]
[PlyCount "104"]
[EventDate "2017.09.06"]
[SourceDate "2017.09.07"]
[SourceVersionDate "2017.09.07"]

1. e4 e6 2. d4 b6 3. Nc3 Bb7 4. Nf3 h6 5. Bf4 Bb4 6. Qd3 Nf6 7. e5 Nd5 8. Bd2
Ba6 9. Qe4 Bxc3 10. bxc3 Bxf1 11. Rxf1 c6 12. c4 Ne7 13. Qg4 Nf5 14. Bb4 Na6
15. Ba3 c5 16. d5 O-O 17. O-O-O Qc7 18. Qe4 Qb7 19. g4 Ne7 20. g5 Nf5 21. Rg1
h5 22. Nh4 Nxh4 23. Qxh4 g6 24. Qf4 b5 25. cxb5 Qxb5 26. dxe6 dxe6 27. Rg3 Rfd8
28. Rf3 Rxd1+ 29. Kxd1 Qf1+ 30. Kd2 Rd8+ 31. Kc3 Qa1+ 32. Bb2 Qe1+ 33. Kb3 Rb8+
34. Ka3 Qa5+ 35. Qa4 Qxa4+ 36. Kxa4 Rxb2 37. Rc3 Kf8 38. a3 Ke7 39. Ka5 Rb6 40.
h4 Kd7 41. Rd3+ Kc7 42. Rf3 Nb8 43. Rxf7+ Nd7 44. Rg7 Kc6 45. Rxg6 Kd5 46. Rg7
Nxe5 47. Rxa7 Rb8 48. Rh7 Kc6 49. Ka6 Nd7 50. Ka7 Rb7+ 51. Ka6 Nb8+ 52. Ka5
Rxh7 0-1

[Event "Haustmót Taflfélags Reykjavíkur 2017"]
[Site "Reykjavik, Iceland"]
[Date "2017.09.08"]
[Round "2.1"]
[White "Gretarsson, Hjorvar Steinn"]
[Black "Eliasson, Kristjan Orn"]
[Result "1-0"]
[WhiteElo "2567"]
[BlackElo "1869"]
[PlyCount "63"]
[EventDate "2017.09.06"]
[SourceDate "2017.09.07"]
[SourceVersionDate "2017.09.07"]

1. c4 Nf6 2. Nc3 g6 3. e4 d6 4. g3 Bg7 5. Bg2 O-O 6. Nge2 e5 7. O-O Nc6 8. d3
Bg4 9. h3 Be6 10. f4 exf4 11. Nxf4 Bc8 12. Be3 Ne7 13. d4 Nd7 14. Qd2 Nb6 15.
b3 c6 16. Rae1 Bd7 17. Kh2 Be8 18. Nd3 Nd7 19. Bh6 f5 20. Bxg7 Kxg7 21. Nf4 Bf7
22. d5 c5 23. Nb5 Ne5 24. Qc3 Re8 25. Nd3 Kg8 26. Nxd6 Qxd6 27. Nxe5 Qf6 28.
exf5 gxf5 29. Qd2 Ng6 30. Ng4 Qd6 31. Nh6+ Kg7 32. Nxf5+ 1-0

[Event "Haustmót Taflfélags Reykjavíkur 2017"]
[Site "Reykjavik, Iceland"]
[Date "2017.09.08"]
[Round "2.2"]
[White "Hauksson, Hordur Aron"]
[Black "Jensson, Einar Hjalti"]
[Result "0-1"]
[WhiteElo "1860"]
[BlackElo "2362"]
[PlyCount "46"]
[EventDate "2017.09.06"]
[SourceDate "2017.09.07"]
[SourceVersionDate "2017.09.07"]

1. d4 Nf6 2. c4 e6 3. Nf3 c5 4. d5 b5 5. Bg5 exd5 6. cxd5 h6 7. Bxf6 Qxf6 8.
Qc2 Be7 9. e4 Qb6 10. Be2 O-O 11. a4 bxa4 12. Nc3 Na6 13. Nxa4 Qg6 14. Rc1 Nb4
15. Qd2 d6 16. Nc3 Bg4 17. O-O Bxf3 18. Bxf3 Bg5 19. Qe2 Bxc1 20. Rxc1 Rfe8 21.
Qd1 Qf6 22. Qa4 Nd3 23. Rc2 Ne1 0-1

[Event "Haustmót Taflfélags Reykjavíkur 2017"]
[Site "Reykjavik, Iceland"]
[Date "2017.09.08"]
[Round "2.3"]
[White "Vignisson, Ingvar Egill"]
[Black "Ornolfsson, Magnus P"]
[Result "0-1"]
[WhiteElo "1670"]
[BlackElo "2227"]
[PlyCount "81"]
[EventDate "2017.09.06"]
[SourceDate "2017.09.07"]
[SourceVersionDate "2017.09.07"]

1. d4 Nf6 2. c4 e6 3. Nf3 d5 4. Nc3 c6 5. cxd5 exd5 6. Bg5 Be7 7. e3 Nbd7 8.
Bd3 O-O 9. O-O Re8 10. Qc2 Nf8 11. h3 Ne4 12. Bxe7 Qxe7 13. Nd2 Bf5 14. Bxe4
dxe4 15. Ne2 Rad8 16. Nc4 Ng6 17. Ng3 Be6 18. a3 c5 19. Rac1 cxd4 20. Qxe4 Qc7
21. Nd2 Qa5 22. exd4 Qxd2 23. Qxb7 Qxd4 24. Rc7 a5 25. Qb5 Rb8 26. Rb7 Rxb7 27.
Qxb7 Qd5 28. Qxd5 Bxd5 29. b4 axb4 30. axb4 Nf4 31. f3 g6 32. Rb1 Rb8 33. Ne4
Bxe4 34. fxe4 Rb5 35. Kf2 Rxb4 36. Rxb4 Nd3+ 37. Ke3 Nxb4 38. g4 Kf8 39. Kf4 h6
40. h4 Ke7 41. h5 0-1

[Event "Haustmót Taflfélags Reykjavíkur 2017"]
[Site "Reykjavik, Iceland"]
[Date "2017.09.08"]
[Round "2.4"]
[White "Olafsson, Thorvardur F"]
[Black "Andrason, Pall"]
[Result "1-0"]
[WhiteElo "2164"]
[BlackElo "1800"]
[PlyCount "46"]
[EventDate "2017.09.06"]
[SourceDate "2017.09.07"]
[SourceVersionDate "2017.09.07"]

1. e4 c6 2. d4 g6 3. c4 Bg7 4. Nc3 d6 5. Be3 Nf6 6. Be2 O-O 7. h4 h5 8. Nh3 Ng4
9. Bxg4 Bxg4 10. f3 Bd7 11. g4 Qc8 12. Nf2 e5 13. gxh5 gxh5 14. Qd2 Kh7 15.
O-O-O f5 16. exf5 Bxf5 17. Nfe4 d5 18. Ng5+ Kg8 19. dxe5 dxc4 20. e6 Bxe6 21.
Bd4 c5 22. Bxg7 Kxg7 23. Rhg1 Kh8 1-0

[Event "Haustmót Taflfélags Reykjavíkur 2017"]
[Site "Reykjavik, Iceland"]
[Date "2017.09.08"]
[Round "2.6"]
[White "Ragnarsson, Johann"]
[Black "Ulfljotsson, Jon"]
[Result "1-0"]
[WhiteElo "2032"]
[BlackElo "1711"]
[PlyCount "43"]
[EventDate "2017.09.06"]
[SourceDate "2017.09.07"]
[SourceVersionDate "2017.09.07"]

1. d4 Nf6 2. c4 e6 3. Nc3 d5 4. cxd5 exd5 5. Bg5 Be7 6. e3 c6 7. Bd3 h6 8. Bh4
O-O 9. Qc2 Nbd7 10. Nge2 Re8 11. h3 b6 12. O-O-O Bb7 13. g4 c5 14. Rdg1 cxd4
15. Nxd4 Ne4 16. Bxe7 Qxe7 17. Bxe4 dxe4 18. g5 h5 19. g6 f6 20. Qb3+ Kh8 21.
Qd1 Qe5 22. h4 1-0

[Event "Haustmót Taflfélags Reykjavíkur 2017"]
[Site "Reykjavik, Iceland"]
[Date "2017.09.08"]
[Round "2.7"]
[White "Baldvinsson, Loftur"]
[Black "Sigurdarson, Sveinn"]
[Result "1-0"]
[WhiteElo "1963"]
[BlackElo "1252"]
[PlyCount "35"]
[EventDate "2017.09.06"]
[SourceDate "2017.09.07"]
[SourceVersionDate "2017.09.07"]

1. e4 d5 2. exd5 Qxd5 3. Nf3 Bf5 4. Nc3 Qa5 5. d4 e6 6. Bd2 c6 7. Ne5 Bd6 8.
Nb5 Qd8 9. Nxd6+ Qxd6 10. Bc3 Nf6 11. Nc4 Qd7 12. Bb4 Ne4 13. f3 Qd8 14. fxe4
Qh4+ 15. Kd2 Qf4+ 16. Kc3 Kd7 17. exf5 b5 18. Ne5+ 1-0

[Event "Haustmót Taflfélags Reykjavíkur 2017"]
[Site "Reykjavik, Iceland"]
[Date "2017.09.08"]
[Round "2.8"]
[White "Olafsson, Arni"]
[Black "Sigurvaldason, Hjalmar"]
[Result "1-0"]
[WhiteElo "1217"]
[BlackElo "1498"]
[PlyCount "107"]
[EventDate "2017.09.06"]
[SourceDate "2017.09.07"]
[SourceVersionDate "2017.09.07"]

1. e4 e6 2. d4 d5 3. Nd2 dxe4 4. Nxe4 Nf6 5. Ng3 Be7 6. Nf3 Nbd7 7. c3 O-O 8.
Bd3 c5 9. Qe2 cxd4 10. Nxd4 Qc7 11. O-O a6 12. Ne4 b5 13. f4 Bb7 14. Ng5 Qb6
15. Be3 Bc5 16. b4 Bxd4 17. Bxd4 Qc6 18. c4 Rfe8 19. cxb5 Qd5 20. Bxf6 Nxf6 21.
bxa6 Qd4+ 22. Kh1 Bd5 23. a3 e5 24. fxe5 Rxe5 25. Qd2 Qh4 26. Nf3 Bxf3 27. Rxf3
Rd5 28. b5 Rad8 29. Qe2 Ng4 30. h3 g6 31. Bc4 Re5 32. Qf1 Ne3 33. Bxf7+ Kg7 34.
Qf2 Qxf2 35. Rxf2 Rxb5 36. Re1 Nf5 37. Bc4 Ra5 38. Rb1 Rxa3 39. Rb7+ Kh6 40.
Ra2 Rc3 41. a7 Rc1+ 42. Kh2 Rdd1 43. g4 Rh1+ 44. Kg2 Ne3+ 45. Kf3 Rxh3+ 46. Ke4
Rxc4+ 47. Ke5 Nxg4+ 48. Ke6 Re3+ 49. Kd5 Rce4 50. a8=Q Re5+ 51. Kc4 R3e4+ 52.
Kb3 Re3+ 53. Ka4 R3e4+ 54. Rb4 1-0

[Event "Haustmót Taflfélags Reykjavíkur 2017"]
[Site "Reykjavik, Iceland"]
[Date "2017.09.08"]
[Round "2.9"]
[White "Davidsson, Joshua"]
[Black "Gunnlaugsson, Arnor"]
[Result "1-0"]
[WhiteElo "1414"]
[BlackElo "1191"]
[PlyCount "83"]
[EventDate "2017.09.06"]
[SourceDate "2017.09.07"]
[SourceVersionDate "2017.09.07"]

1. e4 c5 2. Nf3 e6 3. d4 cxd4 4. Nxd4 Nc6 5. Nc3 Bc5 6. Be3 Qc7 7. Ndb5 Qb6 8.
Nd6+ Ke7 9. Na4 Qa5+ 10. Nc3 Bxd6 11. Bd3 Bb4 12. Bd2 Nf6 13. a3 Bxc3 14. Bxc3
Qg5 15. O-O d5 16. f4 Qh4 17. Be1 Qh5 18. Be2 Qh6 19. e5 Ne4 20. Bd3 Nc5 21.
Bb5 Bd7 22. c4 a6 23. cxd5 axb5 24. dxc6 Bxc6 25. Qd6+ Ke8 26. Qxc5 Qg6 27. Bg3
Qe4 28. Qf2 h5 29. Rfe1 Qd5 30. Rad1 Qc4 31. Bh4 Rh6 32. Qb6 Qd5 33. Rxd5 exd5
34. Qc7 Bd7 35. Qc5 g5 36. Bxg5 f6 37. Bxh6 Kf7 38. exf6 Rg8 39. Qe7+ Kg6 40.
Qxd7 Kxh6 41. Re7 Rg4 42. Rh7+ 1-0

[Event "Haustmót Taflfélags Reykjavíkur 2017"]
[Site "Reykjavik, Iceland"]
[Date "2017.09.08"]
[Round "2.10"]
[White "Omarsson, Adam"]
[Black "Thrastarson, Tryggvi K"]
[Result "0-1"]
[WhiteElo "1149"]
[BlackElo "1325"]
[PlyCount "98"]
[EventDate "2017.09.06"]
[SourceDate "2017.09.07"]
[SourceVersionDate "2017.09.07"]

1. d4 d5 2. c4 c6 3. Nc3 e6 4. Bf4 Bd6 5. Qd2 Bxf4 6. Qxf4 Nf6 7. Nf3 O-O 8. e3
Qb6 9. b3 Qb4 10. Rc1 Ne4 11. Bd3 f5 12. O-O Nxc3 13. a3 Qxb3 14. Qh4 Nd7 15.
Qe7 Nf6 16. Nd2 Qb6 17. Rxc3 Re8 18. Qd6 Qd8 19. Qc5 Qc7 20. cxd5 exd5 21. Bb5
Bd7 22. Nf3 Ne4 23. Qb4 Nxc3 24. Qxc3 Qd6 25. Ba4 Rec8 26. Ne5 Rc7 27. Qd3 Rf8
28. Bc2 c5 29. Rc1 cxd4 30. exd4 Be6 31. g4 g6 32. Qg3 fxg4 33. Qh4 Bf5 34.
Nxg4 Bxg4 35. Qxg4 Rfc8 36. Qe2 Qf4 37. Qe6+ Qf7 38. Qe2 Qf6 39. Qe1 Qg5+ 40.
Kh1 Qf6 41. Qd2 Rf8 42. Rf1 Qf3+ 43. Kg1 Rcf7 44. Bd1 Qxa3 45. Qg5 Qd6 46. Kh1
Rxf2 47. Rxf2 Rxf2 48. Qg3 Qxg3 49. hxg3 Rf1+ 0-1

[Event "Haustmót Taflfélags Reykjavíkur 2017"]
[Site "Reykjavik, Iceland"]
[Date "2017.09.10"]
[Round "3.1"]
[White "Ornolfsson, Magnus P"]
[Black "Gretarsson, Hjorvar Steinn"]
[Result "1/2-1/2"]
[WhiteElo "2227"]
[BlackElo "2567"]
[PlyCount "178"]
[EventDate "2017.09.06"]
[SourceDate "2017.09.07"]
[SourceVersionDate "2017.09.07"]

1. e4 c5 2. b4 cxb4 3. a3 d5 4. exd5 Qxd5 5. Nf3 Bg4 6. Be2 Nc6 7. O-O e6 8.
axb4 Bxb4 9. Na3 Nf6 10. c3 Be7 11. Rb1 b6 12. h3 Bf5 13. Rb5 Qd6 14. Nc4 Qc7
15. Qa4 O-O 16. Ba3 Bxa3 17. Qxa3 Nd5 18. Ra1 Rfd8 19. d4 h6 20. Ne3 Nce7 21.
c4 Nf4 22. Bf1 Be4 23. Nd2 Bc6 24. Rb2 Rxd4 25. Qc3 Rd7 26. c5 Rad8 27. cxb6
axb6 28. Ndc4 Ned5 29. Qb3 Nxe3 30. Nxe3 Nd5 31. Nxd5 Bxd5 32. Qxb6 Qe5 33.
Rbb1 Rc8 34. Re1 Qf6 35. Ra7 Rxa7 36. Qxa7 g5 37. Qe3 Kg7 38. Rc1 Rb8 39. Qd2
Rb2 40. Rc2 Rb1 41. Rc1 Qb2 42. Qxb2+ Rxb2 43. Rd1 h5 44. Ra1 h4 45. Rc1 Kf6
46. Bd3 Rd2 47. Bb5 Ke5 48. Re1+ Kd6 49. Re2 Rd1+ 50. Kh2 f5 51. Rb2 Ke5 52.
Re2+ Kf6 53. Rb2 Ra1 54. Be2 Ke5 55. Bb5 f4 56. Be2 Ra2 57. Rxa2 Bxa2 58. Kg1
Kd4 59. Bh5 e5 60. f3 Ke3 61. Bg4 Bc4 62. Bf5 Bd3 63. Bd7 e4 64. fxe4 Bxe4 65.
Be6 Ke2 66. Bg4+ Ke3 67. Be6 Bd3 68. Bg4 Be4 69. Be6 Kd4 70. Kf2 f3 71. gxf3
Bg6 72. Bd7 Ke5 73. Kg2 Bf5 74. Bc6 Kf4 75. Bb7 Ke3 76. Bc6 Ke2 77. Bb5+ Ke1
78. Bc6 Bd3 79. Bd7 Bf1+ 80. Kh2 Kf2 81. Bg4 Be2 82. Be6 Bxf3 83. Bd7 Ke3 84.
Be6 Kf4 85. Bd7 Be4 86. Bc8 Bf5 87. Bb7 Ke3 88. Bc6 Be4 89. Bd7 Kf2 1/2-1/2

[Event "Haustmót Taflfélags Reykjavíkur 2017"]
[Site "Reykjavik, Iceland"]
[Date "2017.09.10"]
[Round "3.2"]
[White "Jensson, Einar Hjalti"]
[Black "Ragnarsson, Johann"]
[Result "1-0"]
[WhiteElo "2362"]
[BlackElo "2032"]
[PlyCount "119"]
[EventDate "2017.09.06"]
[SourceDate "2017.09.07"]
[SourceVersionDate "2017.09.07"]

1. e4 d5 2. exd5 Qxd5 3. Nc3 Qd6 4. d4 Nf6 5. Nf3 c6 6. Ne5 Nbd7 7. Nc4 Qc7 8.
Qf3 Nb6 9. Bf4 Qd7 10. Nxb6 axb6 11. O-O-O Qg4 12. Be2 Qxf3 13. Bxf3 Bg4 14.
Rd3 Bxf3 15. Rxf3 e6 16. a3 b5 17. Be5 b4 18. axb4 Ne4 19. Nb1 f6 20. Bg3 g6
21. c3 h5 22. Re1 f5 23. h4 Ra1 24. Kc2 Kd7 25. Be5 Rg8 26. Re2 Be7 27. Rh3 Rf8
28. f3 Nf6 29. Bxf6 Bxf6 30. f4 Kd6 31. Rhe3 Re8 32. g3 b6 33. Re1 b5 34. Nd2
Ra7 35. Nb3 Bd8 36. Nc5 Rae7 37. Ra1 Bb6 38. Ra6 Rb8 39. Re1 Ree8 40. Nd3 Ra8
41. Ra3 Kd5 42. Re5+ Kd6 43. Re3 Rab8 44. Ne5 Rg8 45. Nf7+ Kd7 46. Ra6 Rg7 47.
Ng5 Re7 48. Kd3 Kd6 49. Re1 Kd7 50. b3 Bc7 51. Ra7 Kd6 52. Re3 Kd7 53. Nxe6 Rc8
54. Nc5+ Kd6 55. Rxe7 Kxe7 56. Na6 Kd6 57. Nxc7 Rxc7 58. Rxc7 Kxc7 59. d5 cxd5
60. c4 1-0

[Event "Haustmót Taflfélags Reykjavíkur 2017"]
[Site "Reykjavik, Iceland"]
[Date "2017.09.10"]
[Round "3.3"]
[White "Viglundsson, Bjorgvin"]
[Black "Baldvinsson, Loftur"]
[Result "1/2-1/2"]
[WhiteElo "2137"]
[BlackElo "1963"]
[PlyCount "65"]
[EventDate "2017.09.06"]
[SourceDate "2017.09.07"]
[SourceVersionDate "2017.09.07"]

1. d4 Nf6 2. c4 g6 3. Nc3 Bg7 4. e4 O-O 5. h3 d6 6. Bg5 c5 7. d5 e6 8. Bd3 exd5
9. cxd5 Nbd7 10. Nf3 Re8 11. O-O a6 12. a4 Qb6 13. Qc2 h6 14. Bf4 Nh5 15. a5
Qc7 16. Bh2 b5 17. axb6 Nxb6 18. g4 Nf6 19. e5 dxe5 20. Nxe5 Rxe5 21. d6 Qxd6
22. Rad1 Qe7 23. Bxe5 Qxe5 24. Rfe1 Qg5 25. Be4 Nxe4 26. Nxe4 Qh4 27. Qxc5 Qxh3
28. Rd8+ Kh7 29. Re3 Qxg4+ 30. Ng3 Bb7 31. Qxb6 Rxd8 32. Qxd8 h5 33. Qe7
1/2-1/2

[Event "Haustmót Taflfélags Reykjavíkur 2017"]
[Site "Reykjavik, Iceland"]
[Date "2017.09.10"]
[Round "3.4"]
[White "Johannesson, Oliver"]
[Black "Olafsson, Arni"]
[Result "1-0"]
[WhiteElo "2272"]
[BlackElo "1217"]
[PlyCount "57"]
[EventDate "2017.09.06"]
[SourceDate "2017.09.07"]
[SourceVersionDate "2017.09.07"]

1. d4 d5 2. c4 c6 3. Nc3 Nf6 4. Nf3 e6 5. g3 Nbd7 6. Bg2 Bd6 7. O-O O-O 8. Nd2
Bc7 9. e4 dxe4 10. Ndxe4 Qe7 11. Re1 Nb6 12. b3 Rd8 13. Bg5 Nbd7 14. Nxf6+ Nxf6
15. Ne4 h6 16. Nxf6+ gxf6 17. Bxh6 f5 18. Qh5 Rxd4 19. Qxf5 e5 20. Qg5+ Qxg5
21. Bxg5 Bf5 22. Bf6 Re8 23. f4 Bb6 24. Kh1 a5 25. Rxe5 Rxe5 26. Bxe5 Rd7 27.
h3 Ba7 28. Re1 b5 29. Bxc6 1-0